Bienvenue à la Médiathèque de Saint-Andiol
banniere
Accueil Recherche avancée Mon compte
handi1 Rechercher dans le catalogue

Filtre   Mots-clés
  Recherche avancée
 
Lister les dernières nouveautés
 
Lister les livres GROS CARACTERES
 
Lister les périodiques (magazines)

handi1 dîner de cons (Le)

Book Cover
Auteur principal : Francis Veber
Autres auteurs : Jacques Villeret Thierry Lhermitte Daniel Prévost Vladimir Cosma Catherine Frot
Titre : dîner de cons (Le)
Support :
Langue :
Publié : 1998 Gaumont France
Genre : Film
Sujets :
Étiquettes :
Pas de tags
LEADER 00867nlm0a2200229 450
001 16868287
010 |d 49,24 
100 |a 19990421d1998 u u0frey01 ba 
101 1 |c fre 
200 0 |a dîner de cons (Le)  |f Francis Veber, réal., scénario  |g Vladimir Cosma, mus. - Thierry Lhermitte, Jacques Villeret, Daniel Prévost, Catherine Frot, act. 
207 1 |a   
210 |a France  |c Gaumont  |d 1998 
215 |a 1 DVD vidéo monoface zone 2 (1 h 17 min)  |c 16/9, coul. (PAL), son. (Dolby digital surround et 5.1) 
700 0 |a Veber  |b Francis  |4 370 
702 0 |a Villeret  |b Jacques  |4 590 
702 0 |a Lhermitte  |b Thierry  |4 590 
702 0 |a Prévost  |b Daniel  |4 590 
702 0 |a Cosma  |b Vladimir  |4 230 
702 0 |a Frot  |b Catherine  |4 590 
900 |a Film 
901 |a Adultes 
995 |a Médiathèque  |c Médiathèque  |f 00156006078737  |h 00156006078737  |k F VEB  |o p  |q a  |r gf  |e Médiathèque